The Handbook of Political Sociology : (Record no. 17294)
[ view plain ]
| 000 -LEADER | |
|---|---|
| fixed length control field | 00877cam a2200265 a 4500 |
| 001 - CONTROL NUMBER | |
| control field | 13601665 |
| 005 - DATE AND TIME OF LATEST TRANSACTION | |
| control field | 20131214092254.0 |
| 008 - FIXED-LENGTH DATA ELEMENTS--GENERAL INFORMATION | |
| fixed length control field | 040521s2005 nyu b 001 0 eng |
| 010 ## - LIBRARY OF CONGRESS CONTROL NUMBER | |
| LC control number | 2004052604 |
| 020 ## - INTERNATIONAL STANDARD BOOK NUMBER | |
| International Standard Book Number | 0521819903 |
| 020 ## - INTERNATIONAL STANDARD BOOK NUMBER | |
| International Standard Book Number | 0521526205 (pbk.) |
| 020 ## - INTERNATIONAL STANDARD BOOK NUMBER | |
| International Standard Book Number | 9780521526203 |
| 082 00 - DEWEY DECIMAL CLASSIFICATION NUMBER | |
| Classification number | 306.2 |
| Edition number | 22 |
| Item number | HAN |
| 245 04 - TITLE STATEMENT | |
| Title | The Handbook of Political Sociology : |
| Remainder of title | States, Civil Societies, and Globalization / |
| Statement of responsibility, etc | edited by Thomas Janoski ... [et al.]. |
| 260 ## - PUBLICATION, DISTRIBUTION, ETC. (IMPRINT) | |
| Place of publication, distribution, etc | New York : |
| Name of publisher, distributor, etc | Cambridge, |
| Date of publication, distribution, etc | 2005. |
| 300 ## - PHYSICAL DESCRIPTION | |
| Extent | xxi, 815 p. ; |
| Dimensions | 26 cm. |
| 504 ## - BIBLIOGRAPHY, ETC. NOTE | |
| Bibliography, etc | Includes bibliographical references (p. 671-784) and index. |
| 650 #0 - SUBJECT ADDED ENTRY--TOPICAL TERM | |
| Topical term or geographic name as entry element | Political sociology. |
| 9 (RLIN) | 32606 |
| 650 #0 - SUBJECT ADDED ENTRY--TOPICAL TERM | |
| Topical term or geographic name as entry element | Civil society. |
| 9 (RLIN) | 7929 |
| 650 #0 - SUBJECT ADDED ENTRY--TOPICAL TERM | |
| Topical term or geographic name as entry element | State, The. |
| 9 (RLIN) | 32607 |
| 650 #0 - SUBJECT ADDED ENTRY--TOPICAL TERM | |
| Topical term or geographic name as entry element | Globalization. |
| 9 (RLIN) | 32608 |
| 653 ## - INDEX TERM--UNCONTROLLED | |
| Resource For college | |
| Arrived date list | February2013 |
| Resource For college | |
| Arrived date list | March2013 |
| 700 1# - ADDED ENTRY--PERSONAL NAME | |
| Personal name | Janoski, Thomas. |
| 9 (RLIN) | 32609 |
| 942 ## - ADDED ENTRY ELEMENTS (KOHA) | |
| Source of classification or shelving scheme | Dewey Decimal Classification |
| Item type | Book - Borrowing |
| Withdrawn status | Item status | Source of classification or shelving scheme | Damaged status | Not for loan | Vendor | Home library | Current library | Shelving location | Date acquired | Source of acquisition | Total Checkouts | Full call number | Barcode | Date last seen | Date last borrowed | Koha item type | Total Renewals | Checked out | Cost, normal purchase price |
|---|---|---|---|---|---|---|---|---|---|---|---|---|---|---|---|---|---|---|---|
| Dewey Decimal Classification | Baccah | Central Library | Central Library | First floor | 14/02/2013 | 1 | 306.2 HAN | 000028250 | 15/07/2025 | 06/02/2017 | Book - Borrowing | ||||||||
| Dewey Decimal Classification | Baccah | Central Library | Central Library | First floor | 25/02/2013 | 3 | 306.2 HAN | 000028354 | 14/05/2026 | 21/02/2026 | Book - Borrowing | 33 | |||||||
| Dewey Decimal Classification | Baccah | Central Library | Central Library | First floor | 25/02/2013 | 3 | 306.2 HAN | 000028355 | 10/02/2022 | 10/02/2022 | Book - Borrowing | 36 | 28/05/2022 | ||||||
| Dewey Decimal Classification | Baccah | Central Library | Central Library | First floor | 25/02/2013 | 3 | 306.2 HAN | 000028356 | 19/01/2026 | 19/01/2026 | Book - Borrowing | 4 | 04/05/2026 | ||||||
| Dewey Decimal Classification | Baccah | Central Library | Central Library | First floor | 25/02/2013 | 4 | 306.2 HAN | 000028357 | 15/07/2025 | 06/02/2017 | Book - Borrowing | 3 | |||||||
| Dewey Decimal Classification | Baccah | Central Library | Central Library | First floor | 25/02/2013 | 1 | 306.2 HAN | 000028358 | 15/07/2025 | 06/02/2017 | Book - Borrowing | ||||||||
| Dewey Decimal Classification | Baccah | Central Library | Central Library | First floor | 25/03/2013 | 2 | 306.2 HAN | 000028628 | 15/07/2025 | 06/02/2017 | Book - Borrowing | 2 | 420.00 |